| 000 | 00406nam a2200157Ia 4500 | ||
|---|---|---|---|
| 008 | 210210b1982 xxu||||| |||| 00| 0 eng d | ||
| 082 | _a598.2954 JERB | ||
| 100 | _aJERDON (T C). | ||
| 245 | _aBirds of india: natural history. Vol.1. | ||
| 260 |
_aDehra Dun _bBishen Singh Mahendra Pal Singh _c1982 |
||
| 300 | _axiv,535 | ||
| 440 | _a1 | ||
| 650 | _aIndian Birds | ||
| 690 | _aBirds | ||
| 906 | _a060637 | ||
| 999 |
_c107800 _d107800 |
||